Journey to the machine learning (Record no. 8587)

MARC details
000 -LEADER
fixed length control field 00463nam a2200169Ia 4500
008 - FIXED-LENGTH DATA ELEMENTS--GENERAL INFORMATION
fixed length control field 230917s9999||||xx |||||||||||||| ||und||
020 ## - ISBN
Price RS 695.00
040 ## - CATALOGING SOURCE
-- 5008501
Original cataloging agency VIVEKANANDA LIBRARY
041 ## - Language
-- English
082 ## - DDC NUMBER
Classification number 006.31 N144J
100 ## - MAIN ENTRY--PERSONAL NAME
Personal name Nair, Raji Ramakrishnan
245 #0 - TITLE STATEMENT
Title Journey to the machine learning
260 ## - PUBLICATION, DISTRIBUTION, ETC. (IMPRINT)
Place of publication, distribution, etc New Delhi
Name of publisher, distributor, etc The Readers Paradise
Date of publication, distribution, etc 2022
300 ## - PHYSICAL DESCRIPTION
Pages 141 p.
500 ## - GENERAL NOTE
General note 5034 07/01/2023 FP23/198 19/01/2023 Main Budget
942 ## - ADDED ENTRY ELEMENTS (KOHA)
Koha item type Books
Holdings
Withdrawn status Lost status Damaged status Not for loan Location (home branch) Sublocation or collection (holding branch) Shelving location Date acquired Koha issues (times borrowed) Koha full call number Accession No. Koha date last seen Koha item type
        VIVEKANANDA LIBRARY VIVEKANANDA LIBRARY UIET Library 28/02/2023   006.31 N144J 402734 17/09/2023 Books
        VIVEKANANDA LIBRARY VIVEKANANDA LIBRARY UIET Library 28/02/2023   006.31 N144J 402735 17/09/2023 Books
        VIVEKANANDA LIBRARY VIVEKANANDA LIBRARY UIET Library 28/02/2023 1 006.31 N144J 402736 17/09/2024 Books
        VIVEKANANDA LIBRARY VIVEKANANDA LIBRARY UIET Library 28/02/2023 1 006.31 N144J 402737 30/09/2024 Books
        VIVEKANANDA LIBRARY VIVEKANANDA LIBRARY UIET Library 28/02/2023   006.31 N144J 402738 17/09/2023 Books
© Designed and Maintained by Vivekananda Library, MDU Rohtak